000
00250nam a2200097Ia 4500
008
240331s9999 xx 000 0 und d
082
_b
JOU
100
_a
Carfax Publishing Company. ed
245
0
_a
Journal of genderstudies :
_b
Vol.4 No.3-1995
942
_c
L
999
_c
1819
_d
1819